Introduction to chemical engineering thermodynamics (Record no. 8190)

000 -LEADER
fixed length control field 00630nam a2200229 4500
001 - CONTROL NUMBER
control field 8190
003 - CONTROL NUMBER IDENTIFIER
control field BD-DhUET
008 - FIXED-LENGTH DATA ELEMENTS--GENERAL INFORMATION
fixed length control field 740723s1975 nyua b 001 0 eng
020 ## - INTERNATIONAL STANDARD BOOK NUMBER
International Standard Book Number 0070587019
040 ## - CATALOGING SOURCE
Original cataloging agency DLC
Transcribing agency DLC
Modifying agency BD-DhUET
082 ## - DEWEY DECIMAL CLASSIFICATION NUMBER
Classification number 660.2969
Item number SMI/1975
100 1# - MAIN ENTRY--PERSONAL NAME
Personal name Smith, J. M.
245 10 - TITLE STATEMENT
Title Introduction to chemical engineering thermodynamics
250 ## - EDITION STATEMENT
Edition statement 3rd ed.
260 ## - PUBLICATION, DISTRIBUTION, ETC. (IMPRINT)
Place of publication, distribution, etc. Tokyo
Name of publisher, distributor, etc. McGraw-Hill
Date of publication, distribution, etc. 1975
300 ## - PHYSICAL DESCRIPTION
Extent xv,632p.
Other physical details ill.
Dimensions 25 cm.
490 0# - SERIES STATEMENT
Series statement McGraw-Hill chemical engineering series
504 ## - BIBLIOGRAPHY, ETC. NOTE
Bibliography, etc Includes bibliographies
650 #0 - SUBJECT ADDED ENTRY--TOPICAL TERM
Topical term or geographic name as entry element Chemical thermodynamics
700 1# - ADDED ENTRY--PERSONAL NAME
Personal name Van Ness, H. C.
942 ## - ADDED ENTRY ELEMENTS (KOHA)
Koha item type General Book
Holdings
Sublocation or collection (holding branch) Date acquired Koha date last borrowed Shelving location Not for loan Copy number Source of classification or shelving scheme Damaged status Lost status Koha normalized classification for sorting Koha date last seen Piece designation (barcode) Koha issues (times borrowed) Koha item type Withdrawn status Price effective from Koha full call number Location (home branch)
Central Library, BUET2015-01-192019-07-24Circulation section 1   660_296900000000000_SMI_19752019-08-25425162General Book 2015-01-19660.2969/SMI/1975Central Library, BUET
Central Library, BUET2015-03-01 Circulation section 2   660_296900000000000_SMI_19752017-08-2151231 General Book 2015-03-01660.2969/SMI/1975Central Library, BUET
Central Library, BUET2015-06-18 Reading section 3   660_296900000000000_SMI_19752015-06-1844427 Reading Item 2015-06-18660.2969/SMI/1975Central Library, BUET
Central Library, BUET2015-06-20 Reading section 4   660_296900000000000_SMI_19752015-06-2065887 Reading Item 2015-06-20660.2969/SMI/1975Central Library, BUET
Central Library, BUET2015-06-20 Reading section 5   660_296900000000000_SMI_19752015-06-2065888 Reading Item 2015-06-20660.2969/SMI/1975Central Library, BUET